Rizikový aspekt inovačného potenciálu klastrov v SR a EÚ
Analýza klastrového prostredia SR a EÚ. Typy klastrov. Klastrové organizácie. Klastrové politiky. Podpora klastrov na Slovensku. Aktivity Európskej únie na podporu rozvoja klastrov. Analýza inovačného prostredia a politiky SR. Klastre ako inovačný nástroj udržateľného rozvoja regiónov.
Salvato in:
| Autore principale: | |
|---|---|
| Natura: | Capitolo di libro |
| Lingua: | slovacco |
| Soggetti: | |
| Tags: |
Nessun Tag, puoi essere il primo ad aggiungerne!!
|
MARC
| LEADER | 00000naa$a2200000$$$4500 | ||
|---|---|---|---|
| 001 | 0252621 | ||
| 005 | 20190326150148.9 | ||
| 041 | 0 | |a slo | |
| 044 | |a SK | ||
| 245 | 1 | 0 | |a Rizikový aspekt inovačného potenciálu klastrov v SR a EÚ |c Marcel Kordoš |
| 520 | |a Analýza klastrového prostredia SR a EÚ. Typy klastrov. Klastrové organizácie. Klastrové politiky. Podpora klastrov na Slovensku. Aktivity Európskej únie na podporu rozvoja klastrov. Analýza inovačného prostredia a politiky SR. Klastre ako inovačný nástroj udržateľného rozvoja regiónov. | ||
| 610 | 2 | 0 | |a rozvoj regionálny |
| 610 | 2 | 0 | |a klaster |
| 610 | 2 | 0 | |a Slovensko |
| 610 | 2 | 0 | |a Európska únia |
| 610 | 2 | 0 | |a stratégia inovačná |
| 100 | 1 | |a Kordoš, Marcel | |